000 00291nam a22001337a 4500
008 170904b xxu||||| |||| 00| 0 eng d
020 _a9781465257475
041 _aeng
080 _2.3 ED
_a070
100 _a40
101 _aMED
245 _aCOMMUNICATION
_c WARD.K.T
942 _2udc
_cBK
999 _c25924
_d25924